Top 5 najczęstszych uczestników Mundialu z każdego Kontynentu. - Statystyki

Ogólne statystyki
  • Ten quiz został rozwiązany 1 033 razy
    1 025 od ostatniego zresetowania
  • Średni wynik to 31 z 46
Statystyki odpowiedzi
ilość startów Reprezentacja % Poprawnych
18 Argentyna
99%
22 Brazylia
99%
20 Niemcy
97%
Hiszpania
96%
Francja
95%
11 Stany Zjednoczone
93%
18 Włochy
93%
17 Meksyk
92%
14 Urugwaj
92%
16 Anglia
89%
9 Chile
89%
7 Japonia
89%
Kanada
89%
6 Australia
88%
11 Korea Południowa
85%
1 Chiny
80%
3 Egipt
80%
2 Nowa Zelandia
80%
Maroko
79%
Republika Południowej Afryki
76%
Senegal
76%
14 Belgia
71%
6 Kostaryka
70%
8 Paragwaj
69%
6 Arabia Saudyjska
68%
Iran
66%
8 Kamerun
64%
Ghana
63%
4 Algieria
61%
2 Korea Północna
61%
6 Nigeria
61%
Tunezja
59%
Irak
54%
Katar
53%
Turcja
52%
3 Honduras
50%
Wybrzeże Kości Słoniowej
50%
Demokratyczna Republika Konga
45%
Indonezja
37%
Izrael
36%
2 Salwador
36%
13 Serbia
33%
Zjednoczone Emiraty Arabskie
32%
1 Angola
30%
Togo
26%
Kuwejt
23%
Nie znaleziono quizów pasujących do podanych kryteriów
Rozkład punktacji
Procent ludzi z każdym wynikiem
Percentyl według liczby udzielonych odpowiedzi
Twoja historia wyników
Nie rozwiązałeś tego quizu od ostatniego zresetowania